00514nam a2200193Ia 4500001001000000003000500010008004100015010001100056040000900067082001300076100002500089245007200114260004500186300001100231503002000242650001500262650002300277650002000300Para_9336CHAP220125s2005 xx 000 0 und d a207941 cCHAP a648.7 R6 aRobinson, William H. aHandbook of urban insects and arachnids /c by William H. Robinson aCambridge :b Cambridge University Press a472 p. aI.234800 (ej.1) aArtropodos aControl de plagas  aPlagas urbanas